Later, gator / (Record no. 7034)

MARC details
000 -LEADER
fixed length control field 00884nam a22002897a 4500
001 - CONTROL NUMBER
control field 7034
003 - CONTROL NUMBER IDENTIFIER
control field FISKH
005 - DATE AND TIME OF LATEST TRANSACTION
control field 20250619101056.0
008 - FIXED-LENGTH DATA ELEMENTS--GENERAL INFORMATION
fixed length control field 250619b cb ||||| |||| 00| 0 eng d
020 ## - INTERNATIONAL STANDARD BOOK NUMBER
International Standard Book Number 0786800593
040 ## - CATALOGING SOURCE
Original cataloging agency FISKH
Language of cataloging eng
Transcribing agency FISKH
Modifying agency FISKH
050 ## - LIBRARY OF CONGRESS CALL NUMBER
Classification number PZ7.Y44 L
082 ## - DEWEY DECIMAL CLASSIFICATION NUMBER
Classification number 380
100 ## - MAIN ENTRY--PERSONAL NAME
Personal name Yeb, Laurence
Dates associated with a name (1948-)
245 ## - TITLE STATEMENT
Title Later, gator /
Statement of responsibility, etc. Laurence Yeb
250 ## - EDITION STATEMENT
Edition statement This edition first published in 1995
260 ## - PUBLICATION, DISTRIBUTION, ETC.
Place of publication, distribution, etc. New York :
Name of publisher, distributor, etc. Hyperion,
Date of publication, distribution, etc. 1995
300 ## - PHYSICAL DESCRIPTION
Extent 122 pages :
Dimensions 20 cm
505 ## - FORMATTED CONTENTS NOTE
Formatted contents note N<br/>
520 ## - SUMMARY, ETC.
Summary, etc. Teddy finds that his imagination has gotten him into trouble once more, when he buys his younger brother Bobby an alligator for his birthday.<br/>
521 8# - TARGET AUDIENCE NOTE
Target audience note 590<br/>
Source Lexile<br/>
521 8# - TARGET AUDIENCE NOTE
Target audience note N<br/>
Source Raz-Plus<br/>
650 ## - SUBJECT ADDED ENTRY--TOPICAL TERM
Source of heading or term Chinese Americans
Topical term or geographic name entry element Lexile
650 ## - SUBJECT ADDED ENTRY--TOPICAL TERM
Source of heading or term Realistic fiction
Topical term or geographic name entry element Chapter book
942 ## - ADDED ENTRY ELEMENTS (KOHA)
Source of classification or shelving scheme Dewey Decimal Classification
Koha item type Books
Suppress in OPAC No
Holdings
Withdrawn status Lost status Source of classification or shelving scheme Damaged status Not for loan Collection Home library Current library Shelving location Date acquired Total Checkouts Full call number Barcode Date last seen Copy number Price effective from Koha item type
    Dewey Decimal Classification     Juvenile Fiction Footprints International School Library Network Toul Tom Poung Campus Footprints International School Library Network Toul Tom Poung Campus TTP Primary Yellow Bookshelves 06/19/2025   YEP 380 PZ7.Y44 L 2025-1658 06/19/2025 1 06/19/2025 Books